Dictionary of deities and demons in the bible (Record no. 11755)

MARC details
000 -LEADER
campo de control de longitud fija 00882nam a2200277 i 4500
001 - NÚMERO DE CONTROL
campo de control 11755
003 - IDENTIFICADOR DE NÚMERO DE CONTROL
campo de control ES-MaACL
005 - FECHA Y HORA DE LA ÚLTIMA TRANSACCIÓN
campo de control 20230906150153.0
007 - CAMPO FIJO DE DESCRIPCIÓN FÍSICA--INFORMACIÓN GENERAL
campo de control de longitud fija t|
008 - DATOS DE LONGITUD FIJA--INFORMACIÓN GENERAL
campo de control de longitud fija 961018s1995 ne ||||1| eng d
020 ## - NÚMERO INTERNACIONAL ESTÁNDAR DEL LIBRO
Número Internacional Estándar del Libro 90-04-10313-9
080 ## - NÚMERO DE LA CLASIFICACIÓN DECIMAL UNIVERSAL
Número de la Clasificación Decimal Universal 22:29
080 ## - NÚMERO DE LA CLASIFICACIÓN DECIMAL UNIVERSAL
Número de la Clasificación Decimal Universal 29:22
080 ## - NÚMERO DE LA CLASIFICACIÓN DECIMAL UNIVERSAL
Número de la Clasificación Decimal Universal 235.2:22
080 ## - NÚMERO DE LA CLASIFICACIÓN DECIMAL UNIVERSAL
Número de la Clasificación Decimal Universal 22:235.2
245 00 - MENCIÓN DEL TÍTULO
Título Dictionary of deities and demons in the bible
Resto del título : (DDD) /
Mención de responsabilidad, etc. Karel van der Toorn, Bob Becking, Pieter W. van der Horst, editors.
260 ## - PUBLICACIÓN, DISTRIBUCIÓN, ETC.
Lugar de publicación, distribución, etc. Leiden [etc.] :
Nombre del editor, distribuidor, etc. E.J. Brill,
Fecha de publicación, distribución, etc. 1995.
300 ## - DESCRIPCIÓN FÍSICA
Extensión XXXVI, [444, 20] p. ;
Dimensiones 26 cm.
500 ## - NOTA GENERAL
Nota general Indices.
650 14 - PUNTO DE ACCESO ADICIONAL DE MATERIA--TÉRMINO DE MATERIA
Término de materia o nombre geográfico como elemento de entrada Dioses en la biblia-
Subdivisión general Diccionarios.
9 (RLIN) 11911
650 14 - PUNTO DE ACCESO ADICIONAL DE MATERIA--TÉRMINO DE MATERIA
Término de materia o nombre geográfico como elemento de entrada Demonios en la biblia-
Subdivisión general Diccionarios.
9 (RLIN) 11588
700 1# - ENTRADA AGREGADA--NOMBRE PERSONAL
Nombre de persona Toorn, Karel van der.
9 (RLIN) 110591
700 1# - ENTRADA AGREGADA--NOMBRE PERSONAL
Nombre de persona Becking, Bob.
9 (RLIN) 26962
700 1# - ENTRADA AGREGADA--NOMBRE PERSONAL
Nombre de persona Horst, Pieter W. van der.
9 (RLIN) 64252
852 ## - LOCALIZACIÓN
Ubicación ES-MaACL
Número de control de estantería L-19087
Sublocalización o colección R.125356
Holdings
Estatus retirado Estado de pérdida Estado de daño No para préstamo Biblioteca de origen Biblioteca actual Ubicación en estantería Fecha de adquisición Fuente de adquisición Total de préstamos Signatura topográfica completa Código de barras Visto por última vez Precio de reemplazo Tipo de ítem Koha
        Biblioteca del Ateneo de Madrid Biblioteca del Ateneo de Madrid Depósito 2 17/01/2008     L-19087 1011980 23/02/2023 23/02/2023 Libro impreso